Exploratívna analýza rodokmeňov

Gespeichert in:
Bibliographische Detailangaben
1. Verfasser: Vida, Filip (Verfasst von)
Weitere Verfasser: Kováčová, Monika (Betreuung Doktorarbeit)
Format: Manuskript Buch
Sprache:Slowakisch
Veröffentlicht: 2022
Schlagworte:
Online-Zugang:http://is.stuba.sk/zp/portal_zp.pl?podrobnosti=148609
Tags: Tag hinzufügen
Keine Tags, Fügen Sie das erste Tag hinzu!

MARC

LEADER 00000ntm a22000003a 4500
001 stuzp88113
003 SK-STU
005 20220625211110.4
007 ta
008 150427s2015----xo-----f-mn---000-0-slo-d
040 |a STU  |b slo 
041 0 |a slo 
100 1 |a Vida, Filip  |u 070200  |4 aut  |U FIIT Fakulta informatiky a informačných technológií  |T FIIT Ústav informatiky, informačných systémov a softvérového inžinierstva  |X 97099  |U I200  |Y 179  |7 97099 
242 0 1 |a Exploratory analysis of pedigrees  |y eng 
245 1 0 |a Exploratívna analýza rodokmeňov 
260 |c 2022 
650 4 |a Web scraping  |2 slo 
650 4 |a Python  |2 slo 
650 4 |a Django  |2 slo 
650 4 |a Web scraping  |2 eng 
650 4 |a Python  |2 eng 
650 4 |a Django  |2 eng 
700 1 |a Kováčová, Monika  |u 070200  |k Z1  |4 ths  |U FIIT Fakulta informatiky a informačných technológií  |T FIIT Ústav informatiky, informačných systémov a softvérového inžinierstva  |X 2333  |U I200  |Y 179  |7 A000002333 
856 4 |u http://is.stuba.sk/zp/portal_zp.pl?podrobnosti=148609